| 000 | 00589nam a2200193 i 4500 | ||
|---|---|---|---|
| 001 | 184636 | ||
| 003 | ES-MaACL | ||
| 005 | 20230906222237.0 | ||
| 008 | 151029s1935 sp |||| | spa d | ||
| 100 | 1 |
_aHernández, Reginaldo. _9158038 |
|
| 245 | 1 | 3 |
_aLa familia / _cpor el P. Reginaldo Hernandez... |
| 260 |
_aMadrid : _bDédalo, _c1935. |
||
| 300 |
_a455 p. ; _c17 cm. |
||
| 490 | 1 |
_aColección de Enquiridions ; _v3 |
|
| 650 | 4 |
_aFamilias- _xAspectos religiosos. _9172469 |
|
| 830 | 1 |
_aColección de Enquiridions ; _v3 _9192215 |
|
| 852 |
_aES-MaACL _jE-3853 |
||
| 999 |
_c184636 _d184636 |
||